All Formula 1 Minardi/Toro Rosso/AlphaTauri/RB drivers - Statistics

General Stats
  • This quiz has been taken 1,796 times
    195 since last reset
  • The average score is 24 of 55
Answer Stats
Years No. of races Name Nationality % Correct
2012–13, 2023–24 65 Daniel Ricciardo Australia
94%
2021–25 92 Yuki Tsunoda Japan
94%
2017–18, 2019–22 96 Pierre Gasly France
93%
2014, 2016–17, 2019–20 89 Daniil Kvyat Russia
91%
2003 16 Jos Verstappen Netherlands
90%
2023–present 33 Liam Lawson New Zealand
90%
2015–16 23 Max Verstappen Netherlands
90%
2015–17 56 Carlos Sainz Spain
86%
2019 12 Alexander Albon Thailand
81%
2025–present 24 Isack Hadjar France
79%
2002 17 Mark Webber Australia
72%
2007–08 25 Sebastian Vettel Germany
72%
2001 17 Fernando Alonso Spain
70%
2009–11 55 Sébastien Buemi Switzerland
64%
2023 10 Nyck de Vries Netherlands
63%
2017–18 25 Brendon Hartley New Zealand
61%
2012–14 58 Jean-Éric Vergne France
60%
2006–07 28 Scott Speed USA
60%
2009–11 46 Jaime Alguersuari Spain
56%
2006–07 35 Vitantonio Liuzzi Italy
54%
2008–09 27 Sébastien Bourdais France
53%
2001–02 18 Alex Yoong Malaysia
49%
2004 18 Zsolt Baumgartner Hungary
45%
1996 8 Giancarlo Fisichella Italy
44%
1997 7 Jarno Trulli Italy
43%
2005 19 Christijan Albers Netherlands
40%
1994 16 Michele Alboreto Italy
39%
1999–2000 33 Marc Gené Spain
37%
2000 17 Gastón Mazzacane Argentina
36%
2005 8 Robert Doornbos Netherlands
36%
1995, 1999 32 Luca Badoer Italy
35%
1986 16 Andrea de Cesaris Italy
33%
1985, 1988–91, 1993–95 107 Pierluigi Martini Italy
33%
2003 11 Justin Wilson UK
26%
2003 5 Nicolas Kiesa Denmark
25%
1991 1 Roberto Moreno Brazil
25%
1996–97, 2001 26 Tarso Marques Brazil
25%
1995–96 24 Pedro Lamy Portugal
24%
1986–87 32 Alessandro Nannini Italy
23%
2004 18 Gianmaria Bruni Italy
22%
1997 17 Ukyo Katayama Japan
22%
2002 2 Anthony Davidson UK
20%
1992–93 27 Christian Fittipaldi Brazil
20%
1992 3 Alessandro Zanardi Italy
19%
1998 16 Esteban Tuero Argentina
19%
1990–92 33 Gianni Morbidelli Italy
19%
2005 11 Patrick Friesacher Austria
19%
1988–89 32 Luis Pérez-Sala Spain
17%
1998 16 Shinji Nakano Japan
17%
1987–88 21 Adrián Campos Spain
15%
1999 1 Stéphane Sarrazin France
12%
1996 6 Giovanni Lavaggi Italy
5%
1993 8 Fabrizio Barbazza Italy
4%
1989–90 15 Paolo Barilla Italy
4%
1993 2 Jean-Marc Gounon France
2%
No matching quizzes found
Score Distribution
Percent of People with Each Score
Percentile by Number Answered
Your Score History
You have not taken this quiz since the last reset